00510 2200193 4500001002100000005001500021035002000036007000300056008004100059020002200100084001600122100002100138245004900159250002000208260003400228300003000262082001000292990001400302INLIS00000000000090220250709075216 a0010-0725000006ta250709 j 0 ind  a978-979-1479-19-6 a028.5 AUL m0 aAula Wahyudiyati1 aMenjadi Anak Berprestasi /cAula Wahyudiyati aCetakan Pertama aJakarta :bKeysa Media,c2008 a32 :bAda ;c14.5x20.5 cm a028.5 a0671/2023